| 000 | 00392nam a22001577a 4500 | ||
|---|---|---|---|
| 020 | _a978-0-552-55594-4 | ||
| 082 |
_a823 _bJON, J |
||
| 100 | _aJONES, JANEY LOUISE | ||
| 245 |
_aPRINCESS POPPY _bA TRUE PRINCESS |
||
| 246 |
_aPRINCESS POPPY _bA TRUE PRINCESS |
||
| 260 |
_aLONDON _bA YOUNG CORGI BOOK _c2007 |
||
| 300 | _a118 | ||
| 520 | _aSHORT STORY | ||
| 650 | _aSHORT STORY | ||
| 942 | _cBK | ||
| 999 |
_c3072 _d3072 |
||